Les villes les plus peuplées d'Ain - Statistiques

Statistiques générales
  • Ce quiz a été pris 111 fois
  • Le résultat moyen est 9 sur 20
Statistiques - réponses
Population Ville % Correct
40 628 Bourg-en-Bresse
100%
24 188 Oyonnax
88%
11 432 Ambérieu-en-Bugey
77%
7 771 Gex
70%
8 002 Belley
63%
10 878 Bellegarde-sur-Valserine
53%
8 545 Miribel
52%
7 071 Ferney-Voltaire
49%
6 835 Meximieux
42%
6 456 Montluel
40%
5 287 Viriat
40%
5 530 Péronnas
38%
6 158 Divonne-les-Bains
33%
5 882 Lagnieu
30%
4 197 Villars-les-Dombes
30%
6 392 Trévoux
29%
6 382 Saint-Genis-Pouilly
25%
4 920 Saint-Denis-lès-Bourg
15%
4 263 Prévessin-Moëns
14%
5 333 Jassans-Riottier
10%
Aucun quiz correspondant
Distribution des résultats
% des personnes avec chaque résultat
Percentile par nombre de réponses
Votre historique - résultats
Vous n’avez pas pris ce quiz